Normal view
MARC view
- TCC-14
Entry Geographic Name
001 - CONTROL NUMBER
- control field: 131350
003 - CONTROL NUMBER IDENTIFIER
- control field: NUST
005 - DATE AND TIME OF LATEST TRANSACTION
- control field: 20251021133024.0
008 - FIXED-LENGTH DATA ELEMENTS
- fixed length control field: 251021|| aca||aabn | a|a d
040 ## - CATALOGING SOURCE
- Original cataloging agency: NUST
- Transcribing agency: NUST
151 ## - HEADING--GEOGRAPHIC NAME
- Geographic name: TCC-14
670 ## - SOURCE DATA FOUND
- Source citation: Work cat.: (NUST)183535: Bokhari, GC Zarr Ali TCC-14 131349, Universal intelligent source coding detector UISCD /, 2006
